SEMICONDUCTOR DEVICES BJTS JFETS MOSFETS AND INTEGRATED CIRCUITS (Record no. 583299)

000 -LEADER
fixed length control field 00354nam a22001337a 4500
020 ## - INTERNATIONAL STANDARD BOOK NUMBER
International Standard Book Number 0-7002-2463-7
082 ## - DEWEY DECIMAL CLASSIFICATION NUMBER
Classification number 621.38152 NAV'S
100 ## - MAIN ENTRY--PERSONAL NAME
Personal name NANAVATI, R. P
9 (RLIN) 78138
245 ## - TITLE STATEMENT
Title SEMICONDUCTOR DEVICES BJTS JFETS MOSFETS AND INTEGRATED CIRCUITS
260 ## - PUBLICATION, DISTRIBUTION, ETC.
Place of publication, distribution, etc. NEWYORK
Name of publisher, distributor, etc. INTEXT
Date of publication, distribution, etc. 1975
300 ## - PHYSICAL DESCRIPTION
Extent 514P
650 ## - SUBJECT ADDED ENTRY--TOPICAL TERM
Topical term or geographic name entry element SEMICONDUCTOR
9 (RLIN) 78139
942 ## - ADDED ENTRY ELEMENTS (KOHA)
Koha item type Book
Holdings
Withdrawn status Lost status Damaged status Not for loan Permanent Location Current Location Shelving location Date acquired Total Checkouts Full call number Barcode Date last seen Price effective from Koha item type
        College of Electrical & Mechanical Engineering (CEME) College of Electrical & Mechanical Engineering (CEME) General Stacks 06/14/2017   621.38152 NAV'S CEME-8412 06/28/2021 06/28/2021 Book
© 2023 Central Library, National University of Sciences and Technology. All Rights Reserved.